[Event "IECG C3.2000.0.00153"]
[Site "IECG email"]
[Date "2000.08.20"]
[Round "?"]
[White "Zurowski, Dennis"]
[Black "Gralke, Wolfgang"]
[Result "0-1"]
[WhiteElo "1233"]
[BlackElo "1312"]
[PlyCount "48"]
[EventDate "2000.08.20"]
[EventType "tourn (corr)"]
[EventRounds "6"]
[SourceTitle "Corr 2008"]
[Source "ChessBase"]
[SourceDate "2008.06.24"]
[SourceVersion "1"]
[SourceVersionDate "2008.06.24"]
[SourceQuality "1"]

1. d4 Nf6 2. c4 e6 3. Bg5 c5 4. Nf3 h6 5. Bxf6 Qxf6 6. Nc3 cxd4 7. Qxd4 Qxd4 8. Nxd4 a6 9. e3 Nc6 10. Be2 b6 11. 0-0 Nxd4 12. exd4 Rb8 13. Bf3 g5 14. Rfe1 Bg7 15. Rad1 0-0 16. d5 f5 17. dxe6 dxe6 18. Rd6 g4 19. Bc6 Rf7 20. Rd8+ Kh7 21. Rxe6 Bxe6 22. Rxb8 Bxc4 23. Rxb6 Re7 24. Ne4 fxe4 0-1

[Event "IECC KO email"]
[Site "IECC email"]
[Date "2000.08.01"]
[Round "?"]
[White "Richard, Andy"]
[Black "Zurowski, Dennis"]
[Result "0-1"]
[WhiteElo "1330"]
[BlackElo "1542"]
[PlyCount "78"]
[EventDate "2000.??.??"]
[EventType "tourn (corr)"]
[EventRounds "6"]
[SourceTitle "Corr 2008"]
[Source "ChessBase"]
[SourceDate "2008.06.24"]
[SourceVersion "1"]
[SourceVersionDate "2008.06.24"]
[SourceQuality "1"]

1. e4 c5 2. Nf3 Nc6 3. d4 cxd4 4. Nxd4 Nxd4 5. Qxd4 e6 6. Nc3 Ne7 7. Bc4 Nc6 8. Qe3 Be7 9. Qg3 0-0 10. Bh6 Bf6 11. 0-0-0 a6 12. f4 b5 13. Bd3 Kh8 14. Bg5 Bxg5 15. Qxg5 Qxg5 16. fxg5 Bb7 17. h4 Ne5 18. a3 f6 19. gxf6 Rxf6 20. Be2 Rf2 21. Bf3 Rf8 22. Rhf1 Rxf1 23. Rxf1 Kg8 24. h5 Rf4 25. Rd1 Rh4 26. b4 Bc6 27. Be2 Bxe4 28. Nxe4 Rxe4 29. Kd2 Rd4+ 30. Kc3 Rxd1 31. Bxd1 Nc4 32. Kb3 d5 33. Bg4 Kf7 34. a4 Nd6 35. axb5 axb5 36. Kc3 e5 37. Bf3 Ke6 38. g4 e4 39. Be2 Ke5 0-1

[Event "IECC M email"]
[Site "IECC email"]
[Date "2000.07.03"]
[Round "?"]
[White "Jasinski, Jim"]
[Black "Zurowski, Dennis"]
[Result "0-1"]
[WhiteElo "1425"]
[BlackElo "1550"]
[PlyCount "86"]
[EventDate "2000.??.??"]
[EventType "tourn (corr)"]
[EventRounds "2"]
[SourceTitle "Corr 2008"]
[Source "ChessBase"]
[SourceDate "2008.06.24"]
[SourceVersion "1"]
[SourceVersionDate "2008.06.24"]
[SourceQuality "1"]

1. e4 c5 2. Nf3 Nc6 3. Bb5 a6 4. Bxc6 dxc6 5. Nc3 Bg4 6. h3 Bh5 7. d3 e6 8. Qe2 Nf6 9. Bf4 Be7 10. 0-0-0 Bxf3 11. Qxf3 0-0 12. h4 b5 13. h5 Re8 14. Qg3 Nd7 15. Bh6 g6 16. hxg6 fxg6 17. Ne2 e5 18. Qh3 Bf6 19. f4 exf4 20. Bxf4 Nf8 21. Qg3 Ne6 22. Bh6 Qb8 23. Qxb8 Raxb8 24. Rdf1 Be5 25. Rh3 c4 26. Rhf3 cxd3 27. cxd3 Rbd8 28. b4 Rd6 29. Kd2 Red8 30. g3 g5 31. Re3 R6d7 32. Rf5 Bd6 33. a3 Be7 34. g4 Ra8 35. Re5 Rd6 36. Ng3 Bf6 37. Rf5 Bb2 38. a4 bxa4 39. Ra5 Bd4 40. Rf3 Bb6 41. Re5 Bc7 42. Ref5 a5 43. Nh5 axb4 0-1

[Event "IECC M email"]
[Site "IECC email"]
[Date "2000.07.03"]
[Round "?"]
[White "Zurowski, Dennis"]
[Black "Jasinski, Jim"]
[Result "1-0"]
[WhiteElo "1478"]
[BlackElo "1466"]
[PlyCount "45"]
[EventDate "2000.??.??"]
[EventType "tourn (corr)"]
[EventRounds "2"]
[SourceTitle "Corr 2008"]
[Source "ChessBase"]
[SourceDate "2008.06.24"]
[SourceVersion "1"]
[SourceVersionDate "2008.06.24"]
[SourceQuality "1"]

1. e4 d5 2. exd5 Qxd5 3. Nc3 Qa5 4. d4 Nf6 5. Bd2 Qb6 6. Nf3 Bg4 7. Be2 Nbd7 8. Rb1 e6 9. 0-0 Bb4 10. Na4 Qd6 11. c3 Ba5 12. Ne5 Bxe2 13. Qxe2 0-0 14. b4 Bb6 15. Rfe1 h6 16. Nc5 Bxc5 17. bxc5 Qd5 18. Bf4 Rad8 19. Qb2 b6 20. c4 Qa8 21. cxb6 axb6 22. Nd3 Nh5 23. Bxc7 1-0

[Event "IECC Swiss email"]
[Site "IECC email"]
[Date "2000.06.22"]
[Round "?"]
[White "Zurowski, Dennis"]
[Black "Torwong, Peerapol"]
[Result "1/2-1/2"]
[WhiteElo "1493"]
[BlackElo "1774"]
[PlyCount "80"]
[EventDate "2000.??.??"]
[EventType "tourn (corr)"]
[EventRounds "6"]
[SourceTitle "Corr 2008"]
[Source "ChessBase"]
[SourceDate "2008.06.24"]
[SourceVersion "1"]
[SourceVersionDate "2008.06.24"]
[SourceQuality "1"]

1. e4 c5 2. Nf3 d6 3. d4 cxd4 4. Nxd4 Nf6 5. Nc3 a6 6. Bg5 e6 7. Be2 Be7 8. Be3 b5 9. a4 b4 10. Na2 Qa5 11. Bd3 Bb7 12. Nb3 Qxa4 13. Nxb4 Qd7 14. 0-0 Bxe4 15. Bxe4 Nxe4 16. f3 Nf6 17. Qe2 Qb7 18. Qd2 0-0 19. Na5 Qc7 20. c4 d5 21. Rfc1 d4 22. Bf2 Bd6 23. g3 Bxb4 24. Qxb4 e5 25. Re1 Nbd7 26. Qd2 Rfd8 27. b4 Rab8 28. Rac1 h6 29. Kg2 Kh8 30. h3 Kg8 31. f4 exf4 32. Qxf4 Qxf4 33. gxf4 Rdc8 34. Rb1 Nb6 35. b5 Nxc4 36. Nc6 axb5 37. Nxb8 Rxb8 38. Red1 Ne4 39. Rxd4 Ned6 40. Kf3 Re8 1/2-1/2

[Event "IECG WC.2002.P.00010 email"]
[Site "IECG email"]
[Date "1999.??.??"]
[Round "?"]
[White "Fels, Bernhard"]
[Black "Zurowski, Dennis"]
[Result "1-0"]
[WhiteElo "1856"]
[BlackElo "1270"]
[PlyCount "37"]
[EventDate "1999.02.21"]
[EventType "tourn (corr)"]
[EventRounds "8"]
[SourceTitle "Corr 2008"]
[Source "ChessBase"]
[SourceDate "2008.06.24"]
[SourceVersion "1"]
[SourceVersionDate "2008.06.24"]
[SourceQuality "1"]

1. d4 d5 2. c4 dxc4 3. e4 e5 4. Nf3 Bg4 5. Bxc4 Bb4+ 6. Bd2 Bxd2+ 7. Nbxd2 exd4 8. Qb3 Nh6 9. Qxb7 Nd7 10. Nxd4 Rb8 11. Qxa7 Ra8 12. Qb7 Rb8 13. Qd5 Rxb2 14. Bb3 Rxd2 15. Kxd2 c5 16. h3 Qa5+ 17. Kc2 Qa6 18. hxg4 cxd4 19. g5 1-0

[Event "IECG FI.1999.0.00003 (Class 3) email"]
[Site "IECG email"]
[Date "1999.??.??"]
[Round "?"]
[White "Zurowski, Dennis"]
[Black "Forget, Remy"]
[Result "0-1"]
[WhiteElo "1279"]
[BlackElo "1382"]
[PlyCount "28"]
[EventDate "1999.06.01"]
[EventType "tourn (corr)"]
[EventRounds "9"]
[SourceTitle "Corr 2008"]
[Source "ChessBase"]
[SourceDate "2008.06.24"]
[SourceVersion "1"]
[SourceVersionDate "2008.06.24"]
[SourceQuality "1"]

1. e4 e5 2. d4 exd4 3. Qxd4 Nc6 4. Qa4 Nf6 5. Nf3 Bc5 6. Bb5 0-0 7. 0-0 a6 8. Bg5 Be7 9. Nbd2 Rb8 10. Be2 d6 11. Rad1 b5 12. Qb3 Be6 13. Qc3 Qd7 14. a3 h6 0-1

[Event "IECG WC.2002.P.00010 email"]
[Site "IECG email"]
[Date "1999.??.??"]
[Round "?"]
[White "Zurowski, Dennis"]
[Black "Lund, Jens Dahlen"]
[Result "0-1"]
[WhiteElo "1270"]
[BlackElo "2188"]
[PlyCount "21"]
[EventDate "1999.02.21"]
[EventType "tourn (corr)"]
[EventRounds "8"]
[SourceTitle "Corr 2008"]
[Source "ChessBase"]
[SourceDate "2008.06.24"]
[SourceVersion "1"]
[SourceVersionDate "2008.06.24"]
[SourceQuality "1"]

1. e4 e5 2. Nf3 Nc6 3. d4 exd4 4. Nxd4 Nf6 5. Nc3 d6 6. Bb5 Bd7 7. 0-0 Be7 8. Be3 0-0 9. Nxc6 bxc6 10. Ba4 Ng4 11. Bd4 0-1

[Event "IECC Swiss email"]
[Site "IECC email"]
[Date "1998.11.27"]
[Round "3"]
[White "Possolo, Miguel"]
[Black "Zurowski, Dennis"]
[Result "0-1"]
[WhiteElo "1134"]
[BlackElo "1120"]
[PlyCount "46"]
[EventDate "1998.??.??"]
[EventType "tourn (corr)"]
[EventRounds "6"]
[SourceTitle "Corr 2008"]
[Source "ChessBase"]
[SourceDate "2008.06.24"]
[SourceVersion "1"]
[SourceVersionDate "2008.06.24"]
[SourceQuality "1"]

1. e4 e5 2. Nf3 Nc6 3. d4 exd4 4. Nxd4 Nxd4 5. Qxd4 Ne7 6. Bf4 Nc6 7. Qd2 Bb4 8. Nc3 0-0 9. a3 Bxc3 10. Qxc3 Re8 11. Bd3 d6 12. 0-0-0 Ne5 13. f3 Nxd3+ 14. Rxd3 Be6 15. h4 b5 16. g4 a5 17. b4 axb4 18. Qxb4 Bc4 19. Rd2 Qf6 20. Bg5 Qa1+ 21. Qb1 Qxa3+ 22. Qb2 Qa1+ 23. Qb1 Qc3 0-1

[Event "IECC Swiss email"]
[Site "IECC email"]
[Date "1998.11.27"]
[Round "2"]
[White "Zurowski, Dennis"]
[Black "Jobe, Tom B"]
[Result "1/2-1/2"]
[WhiteElo "1239"]
[BlackElo "1572"]
[PlyCount "84"]
[EventDate "1998.??.??"]
[EventType "tourn (corr)"]
[EventRounds "6"]
[SourceTitle "Corr 2008"]
[Source "ChessBase"]
[SourceDate "2008.06.24"]
[SourceVersion "1"]
[SourceVersionDate "2008.06.24"]
[SourceQuality "1"]

1. e4 c5 2. Nf3 d6 3. d4 cxd4 4. Nxd4 Nf6 5. Nc3 g6 6. Bb5+ Bd7 7. Bg5 Bg7 8. 0-0 Nc6 9. Be3 0-0 10. f3 a6 11. Nxc6 bxc6 12. Bc4 Qc7 13. Qd3 Rfb8 14. b3 Qa5 15. Rad1 Ng4 16. fxg4 Qxc3 17. Bxf7+ Kh8 18. h3 Qxd3 19. cxd3 Rf8 20. d4 a5 21. Bg5 Bf6 22. Rxf6 Kg7 23. Re6 Rxf7 24. Rxe7 Rxe7 25. Bxe7 Re8 26. Bxd6 Rxe4 27. Kf2 Re8 28. Re1 Be6 29. Re5 a4 30. bxa4 Kf7 31. g5 Ra8 32. a5 Bxa2 33. Re7+ Kg8 34. Bb4 Bd5 35. h4 Rb8 36. Bc5 Rb2+ 37. Re2 Rxe2+ 38. Kxe2 Bc4+ 39. Ke3 Kf7 40. Ke4 Ke6 41. g4 Be2 42. h5 Ba6 1/2-1/2

[Event "IECC Swiss email"]
[Site "IECC email"]
[Date "1998.11.15"]
[Round "?"]
[White "Zurowski, Dennis"]
[Black "Stoffers, Ben"]
[Result "1-0"]
[WhiteElo "1330"]
[BlackElo "1353"]
[PlyCount "121"]
[EventDate "1998.??.??"]
[EventType "tourn (corr)"]
[EventRounds "6"]
[SourceTitle "Corr 2008"]
[Source "ChessBase"]
[SourceDate "2008.06.24"]
[SourceVersion "1"]
[SourceVersionDate "2008.06.24"]
[SourceQuality "1"]

1. d4 f5 2. Nf3 Nf6 3. Bf4 d6 4. e3 h6 5. Bc4 Nc6 6. 0-0 g5 7. Bg3 e6 8. Nc3 Bg7 9. a3 Bd7 10. Qd3 a6 11. Rae1 b5 12. Bb3 g4 13. Nh4 Ne7 14. e4 c5 15. dxc5 dxc5 16. Qd6 c4 17. Ba2 fxe4 18. Nxe4 Nxe4 19. Rxe4 Bxb2 20. Rxg4 Bc6 21. Ng6 Qxd6 22. Bxd6 Nxg6 23. Rxg6 Kf7 24. Rg3 Rad8 25. Bf4 e5 26. Be3 Be4 27. Bb1 Bxa3 28. Bb6 Rdg8 29. Rxa3 Rxg2+ 30. Kh1 Rhg8 31. f3 Bxc2 32. Rxa6 b4 33. f4 Bxb1 34. Rxb1 b3 35. fxe5 Ra2 36. Rxa2 bxa2 37. Ra1 Ra8 38. Bd4 Ke6 39. Bb2 h5 40. Kg2 c3 41. Bxc3 Rc8 42. Bd4 Rc4 43. Bf2 Rc2 44. Kf3 Kxe5 45. Bg3+ Kd5 46. Rd1+ Kc6 47. Be5 Rc4 48. Rd2 Ra4 49. Ba1 Kc5 50. Re2 h4 51. Re5+ Kc6 52. Re4 Ra3+ 53. Kg4 h3 54. Rf4 Rd3 55. Ra4 Rd2 56. Kxh3 Kb5 57. Rd4 Rc2 58. Rd1 Kb4 59. Re1 Kc4 60. Kg3 Kd3 61. h4 1-0

[Event "IECC Swiss email"]
[Site "IECC email"]
[Date "1998.11.01"]
[Round "?"]
[White "Zurowski, Dennis"]
[Black "Brasileiro, Antonio Carlos"]
[Result "0-1"]
[WhiteElo "1351"]
[BlackElo "1258"]
[PlyCount "82"]
[EventDate "1998.??.??"]
[EventType "tourn (corr)"]
[EventRounds "6"]
[SourceTitle "Corr 2008"]
[Source "ChessBase"]
[SourceDate "2008.06.24"]
[SourceVersion "1"]
[SourceVersionDate "2008.06.24"]
[SourceQuality "1"]

1. e4 c5 2. Nf3 d6 3. d4 cxd4 4. Nxd4 Nf6 5. Nc3 a6 6. Bg5 e6 7. Bc4 Be7 8. 0-0 b5 9. Bd3 Bb7 10. f3 Nc6 11. Nxc6 Bxc6 12. a4 b4 13. Ne2 a5 14. Nd4 Bd7 15. Nb5 0-0 16. Be3 d5 17. e5 Ne8 18. Nd4 Nc7 19. f4 Na6 20. f5 exf5 21. Bxf5 Bxf5 22. Nxf5 Bc5 23. Bxc5 Nxc5 24. Qxd5 Qxd5 25. Ne7+ Kh8 26. Nxd5 Rad8 27. Nb6 Rd2 28. Rad1 Rfd8 29. Rxd2 Rxd2 30. Rxf7 Kg8 31. Rf2 Rd1+ 32. Rf1 Rd2 33. Nc4 Rxc2 34. Nxa5 Rxb2 35. Nc6 h6 36. a5 b3 37. Re1 Ra2 38. e6 Nxe6 39. Rxe6 Ra1+ 40. Kf2 b2 41. Re8+ Kf7 0-1

[Event "IECC CL7-1998.17"]
[Site "IECC email"]
[Date "1998.09.19"]
[Round "?"]
[White "Zurowski, Dennis"]
[Black "Stoffers, Jeffrey"]
[Result "1-0"]
[WhiteElo "1213"]
[BlackElo "1297"]
[PlyCount "61"]
[EventDate "1998.??.??"]
[EventType "tourn (corr)"]
[EventRounds "4"]
[SourceTitle "Corr 2008"]
[Source "ChessBase"]
[SourceDate "2008.06.24"]
[SourceVersion "1"]
[SourceVersionDate "2008.06.24"]
[SourceQuality "1"]

1. d4 e6 2. e4 Nf6 3. Bg5 h6 4. Bxf6 Qxf6 5. e5 Qd8 6. Nf3 d5 7. Nc3 Bb4 8. a3 Ba5 9. b4 Bb6 10. Na4 0-0 11. c4 c6 12. Nxb6 Qxb6 13. c5 Qd8 14. Bd3 b6 15. 0-0 Ba6 16. Rb1 Bxd3 17. Qxd3 b5 18. a4 bxa4 19. Ra1 f6 20. exf6 Rxf6 21. Ne5 Qc7 22. Rfe1 Nd7 23. Ng4 Rff8 24. Rxe6 Qf4 25. f3 a5 26. Rd6 h5 27. Ne3 Rfe8 28. Nf5 Ra7 29. g3 Qg5 30. h4 Qd8 31. Nh6+ 1-0

[Event "IECC Quad-614 email"]
[Site "IECC email"]
[Date "1998.09.12"]
[Round "?"]
[White "Richard, Andy"]
[Black "Zurowski, Dennis"]
[Result "0-1"]
[WhiteElo "901"]
[BlackElo "1175"]
[PlyCount "48"]
[EventDate "1998.??.??"]
[EventType "tourn (corr)"]
[EventRounds "6"]
[SourceTitle "Corr 2008"]
[Source "ChessBase"]
[SourceDate "2008.06.24"]
[SourceVersion "1"]
[SourceVersionDate "2008.06.24"]
[SourceQuality "1"]

1. e4 e5 2. f4 exf4 3. Nf3 Be7 4. Bc4 Bh4+ 5. Kf1 Nc6 6. d4 d6 7. Bxf4 Bg4 8. h3 Bxf3 9. gxf3 Nf6 10. c3 Nh5 11. Bh2 Qd7 12. Kg2 0-0 13. Nd2 Na5 14. Bd3 f5 15. exf5 Rae8 16. b4 Nc6 17. Qb3+ d5 18. Be4 Kh8 19. Bd3 Rxf5 20. Bxf5 Qxf5 21. Rad1 Qg6+ 22. Kf1 Qd3+ 23. Kg1 Qe3+ 24. Kf1 Qf2# 0-1

[Event "IECC Quad-614 email"]
[Site "IECC email"]
[Date "1998.09.12"]
[Round "?"]
[White "Zurowski, Dennis"]
[Black "Cook, Dave"]
[Result "1-0"]
[WhiteElo "1265"]
[BlackElo "1205"]
[PlyCount "79"]
[EventDate "1998.??.??"]
[EventType "tourn (corr)"]
[EventRounds "6"]
[SourceTitle "Corr 2008"]
[Source "ChessBase"]
[SourceDate "2008.06.24"]
[SourceVersion "1"]
[SourceVersionDate "2008.06.24"]
[SourceQuality "1"]

1. d4 Nf6 2. c4 d6 3. Nf3 g6 4. Nc3 Bg7 5. e4 0-0 6. Be2 Bg4 7. 0-0 Nc6 8. Be3 Re8 9. h3 Bxf3 10. Bxf3 e5 11. d5 Nd4 12. Rc1 c5 13. Be2 Qb6 14. b3 Nxe2+ 15. Qxe2 h6 16. Qd2 Kh7 17. Rcd1 Qa5 18. Qd3 a6 19. Bd2 Qc7 20. a3 Kg8 21. Be3 Rab8 22. f3 Qa5 23. Ra1 b5 24. cxb5 axb5 25. a4 bxa4 26. Rxa4 Qc7 27. Ra3 Rb7 28. Rfa1 Reb8 29. Ne2 Nh5 30. R1a2 Qe7 31. Ra8 Qh4 32. Bf2 Qg5 33. Rxb8+ Rxb8 34. Ra7 Nf4 35. Nxf4 Qxf4 36. g3 Qc1+ 37. Kg2 Qb2 38. Qa6 Bf8 39. Qc6 Rxb3 40. Qd7 1-0

[Event "IECC Quad-614 email"]
[Site "IECC email"]
[Date "1998.09.12"]
[Round "?"]
[White "Zurowski, Dennis"]
[Black "Crabtree, Justin"]
[Result "1-0"]
[WhiteElo "1187"]
[BlackElo "982"]
[PlyCount "33"]
[EventDate "1998.??.??"]
[EventType "tourn (corr)"]
[EventRounds "6"]
[SourceTitle "Corr 2008"]
[Source "ChessBase"]
[SourceDate "2008.06.24"]
[SourceVersion "1"]
[SourceVersionDate "2008.06.24"]
[SourceQuality "1"]

1. d4 Nf6 2. c4 g6 3. Nf3 d5 4. cxd5 Qxd5 5. Nc3 Qa5 6. Bd2 Nd5 7. Na4 Nb4 8. a3 Bf5 9. Bxb4 Qxb4+ 10. axb4 Nc6 11. Nc5 Nxb4 12. Qa4+ Nc6 13. Ne5 Rd8 14. Nxb7 Rxd4 15. Qxc6+ Bd7 16. Qxc7 Rd5 17. Qd8# 1-0

[Event "IECC KO email"]
[Site "IECC email"]
[Date "1998.09.12"]
[Round "?"]
[White "Zurowski, Dennis"]
[Black "L'Huissier, Alain"]
[Result "1-0"]
[WhiteElo "1296"]
[BlackElo "1330"]
[PlyCount "87"]
[EventDate "1998.??.??"]
[EventType "tourn (corr)"]
[EventRounds "6"]
[SourceTitle "Corr 2008"]
[Source "ChessBase"]
[SourceDate "2008.06.24"]
[SourceVersion "1"]
[SourceVersionDate "2008.06.24"]
[SourceQuality "1"]

1. d4 Nf6 2. c4 c5 3. dxc5 Qa5+ 4. Nc3 e6 5. Bd2 Bxc5 6. e3 Qd8 7. Bd3 0-0 8. Nf3 Qb6 9. Na4 Qd6 10. Bc3 Bb4 11. 0-0 Kh8 12. Bxf6 gxf6 13. a3 Ba5 14. Qc2 h6 15. b4 Bc7 16. Nc3 Nc6 17. Nb5 Qe7 18. Nxc7 Rb8 19. c5 Rd8 20. Nb5 b6 21. cxb6 Rxb6 22. Qc5 Qxc5 23. bxc5 Rb8 24. Nd6 Kg7 25. Rfb1 Rxb1+ 26. Rxb1 Rf8 27. g4 Rd8 28. Kg2 Kf8 29. Bb5 Nb8 30. Be2 Nc6 31. Nd4 Ne7 32. Rb8 Kg7 33. Ba6 f5 34. gxf5 e5 35. N4b5 Bxa6 36. Rxd8 Bxb5 37. Nxb5 Nxf5 38. Nxa7 Nh4+ 39. Kh1 Ng6 40. Rxd7 e4 41. c6 Ne5 42. Rd6 Nc4 43. Rd1 Ne5 44. c7 1-0

[Event "SEMI ECT2 B email"]
[Site "SEMI email"]
[Date "1998.??.??"]
[Round "?"]
[White "Gibson, Robert"]
[Black "Zurowski, Dennis"]
[Result "0-1"]
[WhiteElo "1457"]
[BlackElo "2009"]
[PlyCount "54"]
[EventDate "1998.??.??"]
[EventType "tourn (corr)"]
[EventRounds "10"]
[EventCountry "ITA"]
[SourceTitle "Corr 2008"]
[Source "ChessBase"]
[SourceDate "2008.06.24"]
[SourceVersion "1"]
[SourceVersionDate "2008.06.24"]
[SourceQuality "1"]

1. d4 d5 2. e3 Nf6 3. Nd2 Bf5 4. Bb5+ Nbd7 5. Ngf3 e6 6. Ne5 Bd6 7. f4 0-0 8. 0-0 Nb6 9. Ndf3 Ne4 10. Bd3 c5 11. c3 f6 12. Nh4 fxe5 13. Nxf5 exf5 14. Rf3 exd4 15. Bxe4 fxe4 16. Rh3 Qc7 17. Qh5 g6 18. Qh6 dxe3 19. Bxe3 Bxf4 20. Bxf4 Rxf4 21. Rf1 Rxf1+ 22. Kxf1 Rf8+ 23. Ke2 Qf7 24. Qh4 Qf1+ 25. Kd2 Nc4+ 26. Kc2 Qe2+ 27. Kb3 Qd1# 0-1

[Event "IECG CP.1998.P.00037"]
[Site "IECG email"]
[Date "1998.??.??"]
[Round "?"]
[White "Zurowski, Dennis"]
[Black "Dannenberg, Arne"]
[Result "0-1"]
[WhiteElo "1163"]
[BlackElo "1746"]
[PlyCount "82"]
[EventDate "1998.10.01"]
[EventType "tourn (corr)"]
[EventRounds "6"]
[EventCountry "GER"]
[SourceTitle "Corr 2008"]
[Source "ChessBase"]
[SourceDate "2008.06.24"]
[SourceVersion "1"]
[SourceVersionDate "2008.06.24"]
[SourceQuality "1"]

1. e4 c5 2. Nf3 d6 3. d4 cxd4 4. Nxd4 Nf6 5. Nc3 a6 6. Be3 Ng4 7. Bg5 h6 8. Bh4 g5 9. Bg3 Bg7 10. Be2 h5 11. h3 h4 12. hxg4 hxg3 13. Rxh8+ Bxh8 14. fxg3 Nc6 15. Nxc6 bxc6 16. Qd2 Qb6 17. 0-0-0 Rb8 18. b3 Qa5 19. Kb2 Be6 20. a3 Qa4 21. Rb1 c5 22. Ka2 Qa5 23. Kb2 c4 24. Bd1 Qc5 25. Ra1 Bd4 26. Rb1 cxb3 27. cxb3 Rc8 28. Rc1 Be3 29. b4 Bxd2 30. bxc5 Bxc1+ 31. Kxc1 Rxc5 32. Kd2 Kd7 33. Kd3 Ra5 34. a4 Kc6 35. Kd4 f6 36. Nb1 Rc5 37. Kd3 Kb6 38. Nc3 Ka5 39. Kd4 Kb4 40. Nd5+ Bxd5 41. exd5 a5 0-1

[Event "SEMI ECT2 B email"]
[Site "SEMI email"]
[Date "1998.??.??"]
[Round "?"]
[White "Zurowski, Dennis"]
[Black "Fisher, Geof"]
[Result "0-1"]
[WhiteElo "2009"]
[BlackElo "1650"]
[PlyCount "92"]
[EventDate "1998.??.??"]
[EventType "tourn (corr)"]
[EventRounds "10"]
[EventCountry "ITA"]
[SourceTitle "Corr 2008"]
[Source "ChessBase"]
[SourceDate "2008.06.24"]
[SourceVersion "1"]
[SourceVersionDate "2008.06.24"]
[SourceQuality "1"]

1. d4 c6 2. c4 d5 3. cxd5 cxd5 4. Nf3 Nc6 5. e3 g6 6. Bb5 Bg7 7. 0-0 Bd7 8. Nc3 Nf6 9. Bxc6 Bxc6 10. Ne5 0-0 11. Bd2 e6 12. Rc1 Rc8 13. Qb3 Nd7 14. Nxc6 bxc6 15. Qa4 Qb6 16. b4 a6 17. Rfe1 Qb7 18. Ne2 Nb6 19. Qc2 Nc4 20. Nf4 e5 21. dxe5 Bxe5 22. Nd3 Bd6 23. Bc3 Qc7 24. g3 Rfe8 25. Red1 Rb8 26. Qa4 Qb7 27. h3 Qc8 28. Kg2 Qc7 29. Bd4 a5 30. bxa5 c5 31. Bc3 Bxg3 32. fxg3 Nxe3+ 33. Kh2 Re4 34. Be5 Qxe5 35. Nxe5 Rxa4 36. Rd2 Rc8 37. Kg1 d4 38. Nd7 Rxa5 39. Rxd4 cxd4 40. Rxc8+ Kg7 41. Kf2 Rxa2+ 42. Kf3 Ra3 43. Ke2 Nd5 44. Rc4 Rxg3 45. Rxd4 Nc3+ 46. Kd2 Rxh3 0-1

[Event "IECG WC.2000.P.00002 email"]
[Site "IECG email"]
[Date "1998.??.??"]
[Round "?"]
[White "Zurowski, Dennis"]
[Black "Geib, Steven"]
[Result "1-0"]
[WhiteElo "1071"]
[BlackElo "1382"]
[PlyCount "103"]
[EventDate "1998.06.10"]
[EventType "tourn (corr)"]
[EventRounds "8"]
[SourceTitle "Corr 2008"]
[Source "ChessBase"]
[SourceDate "2008.06.24"]
[SourceVersion "1"]
[SourceVersionDate "2008.06.24"]
[SourceQuality "1"]

1. d4 d5 2. Nf3 Nf6 3. Nbd2 Nc6 4. e3 Bf5 5. Bb5 e6 6. Ne5 Bd6 7. Nxc6 Qd7 8. Nxa7 c6 9. Nxc6 bxc6 10. Bd3 0-0 11. Bxf5 exf5 12. 0-0 Rfe8 13. a4 Qc7 14. Nf3 Ne4 15. b3 Bb4 16. Bb2 f6 17. c4 dxc4 18. bxc4 Rab8 19. Qe2 f4 20. c5 Ba5 21. Rab1 fxe3 22. fxe3 Rb4 23. Qc2 Qf7 24. Ne5 Qd5 25. Rf4 Nd2 26. Qxd2 Rxa4 27. Qc2 fxe5 28. Rh4 Bd8 29. Qxh7+ Kf8 30. Rf1+ Bf6 31. Rxf6+ gxf6 32. Qh8+ Ke7 33. Rh7+ Qf7 34. Rxf7+ Kxf7 35. Qh7+ Ke6 36. Qb7 Rea8 37. Qxc6+ Kf7 38. dxe5 fxe5 39. Bxe5 R4a6 40. Qd7+ Kf8 41. Qg7+ Ke8 42. c6 Rxc6 43. Qg8+ Ke7 44. Qxa8 Rg6 45. Bc3 Re6 46. Qa7+ Kd6 47. Qb7 Kc5 48. Bg7 Kd6 49. e4 Re8 50. Qd5+ Ke7 51. e5 Rc8 52. Bf6+ 1-0

[Event "IECG WC.2000.P.00002 email"]
[Site "IECG email"]
[Date "1998.??.??"]
[Round "?"]
[White "Zurowski, Dennis"]
[Black "Horobik, Randal W"]
[Result "0-1"]
[WhiteElo "1071"]
[BlackElo "1683"]
[PlyCount "68"]
[EventDate "1998.06.10"]
[EventType "tourn (corr)"]
[EventRounds "8"]
[SourceTitle "Corr 2008"]
[Source "ChessBase"]
[SourceDate "2008.06.24"]
[SourceVersion "1"]
[SourceVersionDate "2008.06.24"]
[SourceQuality "1"]

1. e4 c5 2. Nf3 e6 3. d4 cxd4 4. Nxd4 Nc6 5. Nc3 Qc7 6. Ncb5 Qb8 7. Be3 d5 8. exd5 exd5 9. Qd2 Bd6 10. Nxd6+ Qxd6 11. Nb5 Qe7 12. 0-0-0 Nf6 13. Bc5 Qxc5 14. Nc7+ Ke7 15. Nxa8 Qd6 16. c4 d4 17. b4 Be6 18. c5 Qb8 19. b5 Ne4 20. Qe1 Qf4+ 21. Kc2 Ne5 22. Nc7 Nxf2 23. Nxe6 fxe6 24. Bd3 Nexd3 25. Rxd3 Qf5 26. Qf1 Rc8 27. c6 Qxb5 28. Rb3 Qxc6+ 29. Kb1 Nxh1 30. Qxh1 Qc2+ 31. Ka1 d3 32. Rxb7+ Ke8 33. Qf1 Qc1+ 34. Qxc1 Rxc1+ 0-1

[Event "IECG CP.1998.P.00037"]
[Site "IECG email"]
[Date "1998.??.??"]
[Round "?"]
[White "Zurowski, Dennis"]
[Black "Meijer, Kees"]
[Result "0-1"]
[WhiteElo "1163"]
[BlackElo "800"]
[PlyCount "62"]
[EventDate "1998.10.01"]
[EventType "tourn (corr)"]
[EventRounds "6"]
[EventCountry "GER"]
[SourceTitle "Corr 2008"]
[Source "ChessBase"]
[SourceDate "2008.06.24"]
[SourceVersion "1"]
[SourceVersionDate "2008.06.24"]
[SourceQuality "1"]

1. e4 e5 2. Nf3 Nf6 3. Nxe5 d6 4. Nf3 Nxe4 5. d3 Nf6 6. Be2 Be7 7. 0-0 0-0 8. Nc3 Nc6 9. Bg5 Bf5 10. Re1 Re8 11. d4 h6 12. Bf4 d5 13. Nb5 Rc8 14. Ne5 Ne4 15. Nxc6 bxc6 16. Nxa7 Bd6 17. Bxd6 Ra8 18. Bc5 Bd7 19. Nxc6 Bxc6 20. Bb4 Qg5 21. a3 Qf4 22. Bf3 Ng5 23. Rxe8+ Rxe8 24. Bh5 g6 25. Be2 Ne4 26. Be1 Ba4 27. b3 Bd7 28. a4 Ng5 29. a5 Qe4 30. Kf1 Qf4 31. Bd2 Qxh2 0-1